[Event "Regionalliga NO 0405"]
[Site "Bayern"]
[Date "2005.01.16"]
[Round "5.8"]
[White "Volk, Nikolaj"]
[Black "Frank, Gerhard"]
[Result "1-0"]
[WhiteElo "1662"]
[BlackElo "1797"]
[PlyCount "89"]
[EventDate "2004.10.24"]
[EventType "team-tourn"]
[EventRounds "9"]
[EventCountry "GER"]
[SourceTitle "EXT 2007"]
[Source "ChessBase"]
[SourceDate "2006.11.23"]
[SourceVersion "1"]
[SourceVersionDate "2006.11.23"]
[SourceQuality "1"]
[WhiteTeam "Regensburg Fortuna III"]
[BlackTeam "Gunzenhausen"]
[WhiteTeamCountry "GER"]
[BlackTeamCountry "GER"]

1. e4 c5 2. Nf3 e6 3. d4 cxd4 4. Nxd4 Nc6 5. Nc3 Bb4 6. Nxc6 Bxc3+ 7. bxc3 dxc6 8. Qg4 Qf6 9. Bb2 e5 10. Qg3 Ne7 11. 0-0-0 0-0 12. h4 Be6 13. Kb1 Qf4 14. Qxf4 exf4 15. Bc1 Rad8 16. Be2 Ng6 17. h5 Ne5 18. Bxf4 Ng4 19. Rxd8 Rxd8 20. f3 Nf6 21. Bg5 h6 22. Bxf6 gxf6 23. Rd1 Rxd1+ 24. Bxd1 f5 25. exf5 Bxf5 26. c4 c5 27. Kb2 Kg7 28. Kc3 Kf6 29. f4 Be4 30. g4 Ke6 31. Kd2 f5 32. g5 hxg5 33. fxg5 f4 34. Ke1 Kf5 35. g6 Kg5 36. Kf2 b6 37. a3 Kf6 38. c3 Bd3 39. Be2 Be4 40. Bf3 Bf5 41. Kg2 Kg5 42. g7 Bh7 43. Bd5 Kxh5 44. g8Q Bxg8 45. Bxg8 1-0

[Event "Regionalliga NO 0405"]
[Site "Bayern"]
[Date "2004.12.12"]
[Round "4.8"]
[White "Schmid, Markus"]
[Black "Volk, Nikolaj"]
[Result "0-1"]
[WhiteElo "1771"]
[BlackElo "1662"]
[PlyCount "130"]
[EventDate "2004.10.24"]
[EventType "team-tourn"]
[EventRounds "9"]
[EventCountry "GER"]
[SourceTitle "EXT 2007"]
[Source "ChessBase"]
[SourceDate "2006.11.23"]
[SourceVersion "1"]
[SourceVersionDate "2006.11.23"]
[SourceQuality "1"]
[WhiteTeam "Sinzing"]
[BlackTeam "Regensburg Fortuna III"]
[WhiteTeamCountry "GER"]
[BlackTeamCountry "GER"]

1. d4 Nf6 2. Nf3 e6 3. e3 c5 4. Bd3 d5 5. c3 Be7 6. 0-0 0-0 7. Nbd2 Nc6 8. Re1 cxd4 9. exd4 h6 10. Ne5 Qc7 11. Ndf3 a6 12. Bc2 Bd6 13. Bf4 Nh5 14. Qd3 f5 15. Bg3 g5 16. Nxc6 bxc6 17. Bxd6 Qxd6 18. Ne5 Kg7 19. g3 a5 20. f4 Ba6 21. Qf3 Nf6 22. fxg5 hxg5 23. Qe3 Nh7 24. Nf3 Kf6 25. Qe5+ Ke7 26. Qxd6+ Kxd6 27. Ne5 Nf6 28. Nf3 g4 29. Ne5 Rab8 30. Rab1 Rb7 31. Bd3 Bxd3 32. Nxd3 Ne4 33. Rbd1 Rh8 34. Re2 Rbh7 35. Rg2 c5 36. dxc5+ Nxc5 37. Nxc5 Kxc5 38. Re1 Kd6 39. Rge2 Rh6 40. Rf1 Rc8 41. Rf4 Rf6 42. Ref2 Rc4 43. Rxc4 dxc4 44. Rd2+ Kc5 45. Kf2 e5 46. Rd8 Rb6 47. Rd2 a4 48. Ke3 Rh6 49. Rf2 Rh5 50. Rd2 Rh8 51. Rf2 Rf8 52. Rf1 Kd5 53. Rd1+ Ke6 54. Rd2 Rh8 55. Rf2 Rd8 56. Rc2 Rd3+ 57. Ke2 f4 58. gxf4 exf4 59. Kf2 Kf5 60. Re2 f3 61. Rc2 Kf4 62. a3 Rd1 63. b4 axb3 64. Rc1 Rxc1 65. a4 b2 0-1

[Event "Regionalliga NO 0405"]
[Site "Bayern"]
[Date "2004.11.28"]
[Round "3.8"]
[White "Volk, Nikolaj"]
[Black "Reuter, Roland"]
[Result "1-0"]
[WhiteElo "1662"]
[BlackElo "1866"]
[PlyCount "97"]
[EventDate "2004.10.24"]
[EventType "team-tourn"]
[EventRounds "9"]
[EventCountry "GER"]
[SourceTitle "EXT 2007"]
[Source "ChessBase"]
[SourceDate "2006.11.23"]
[SourceVersion "1"]
[SourceVersionDate "2006.11.23"]
[SourceQuality "1"]
[WhiteTeam "Regensburg Fortuna III"]
[BlackTeam "Schwabach"]
[WhiteTeamCountry "GER"]
[BlackTeamCountry "GER"]

1. e4 c5 2. Nf3 d6 3. d4 cxd4 4. Nxd4 Nf6 5. Nc3 g6 6. Be3 Bg7 7. f3 0-0 8. Bc4 Qc7 9. Bb3 a6 10. Qd2 Nc6 11. 0-0-0 Na5 12. g4 Rd8 13. g5 Nxb3+ 14. Nxb3 Nh5 15. Nd5 Qb8 16. Nxe7+ Kf8 17. Nd5 a5 18. Bb6 a4 19. Na5 Be6 20. Bxd8 Qxd8 21. Nc4 b5 22. Nce3 Qxg5 23. a3 Rc8 24. Nb4 Kg8 25. Ned5 Qd8 26. Kb1 Rc4 27. c3 Rc8 28. Qd3 Rc5 29. Rhe1 Be5 30. Qe2 Rc4 31. Qf2 Nf4 32. Nxf4 Bxf4 33. Nd3 Bh6 34. f4 Bg7 35. f5 Bc8 36. fxg6 hxg6 37. Nf4 Bb7 38. Nd5 Qe8 39. Qb6 Qd7 40. Qa7 Rc8 41. Ka1 Rc5 42. Qxc5 dxc5 43. Nf6+ Bxf6 44. Rxd7 Bc8 45. Rc7 Be6 46. Rxc5 Bc4 47. e5 Be7 48. Rxc4 bxc4 49. Re4 1-0

[Event "Oberpfalz-ch M2"]
[Site "Regensburg"]
[Date "2004.04.05"]
[Round "5"]
[White "Engl, Eva"]
[Black "Volk, Nikolaj"]
[Result "1-0"]
[WhiteElo "1608"]
[BlackElo "1721"]
[PlyCount "81"]
[EventDate "2004.04.03"]
[EventType "swiss"]
[EventRounds "8"]
[EventCountry "GER"]
[SourceTitle "EXT 2022"]
[Source "ChessBase"]
[SourceDate "2021.10.06"]
[SourceVersion "1"]
[SourceVersionDate "2021.10.06"]
[SourceQuality "1"]

1. e4 e5 2. Bc4 Nf6 3. Nc3 Nxe4 4. Bxf7+ Kxf7 5. Nxe4 Be7 6. Qh5+ g6 7. Qxe5 Re8 8. Ne2 d5 9. N4g3 Nc6 10. Qf4+ Kg8 11. 0-0 Rf8 12. Qa4 Bc5 13. d4 Bd6 14. Bh6 Rf7 15. c3 Qh4 16. Be3 Bg4 17. h3 Bd7 18. Qb3 Ne7 19. Qxb7 Re8 20. Rae1 g5 21. Kh2 g4 22. Rh1 Nf5 23. Bf4 Bxf4 24. Nxf4 c6 25. Rxe8+ Bxe8 26. Qc8 Nd6 27. Qe6 Qd8 28. Qxg4+ Kh8 29. Nd3 Bd7 30. Qh5 Be8 31. Qe5+ Kg8 32. Re1 Rf8 33. Nf4 Nc4 34. Ne6 Nxe5 35. Nxd8 Nd3 36. Re2 Bd7 37. Nb7 Nxf2 38. Nc5 Bc8 39. Kg1 Nd1 40. Nf1 a5 41. Rd2 1-0

[Event "Oberpfalz-ch M2"]
[Site "Regensburg"]
[Date "2004.04.04"]
[Round "4"]
[White "Volk, Nikolaj"]
[Black "Langensteiner, Matthias"]
[Result "0-1"]
[WhiteElo "1721"]
[BlackElo "1890"]
[PlyCount "60"]
[EventDate "2004.04.03"]
[EventType "swiss"]
[EventRounds "8"]
[EventCountry "GER"]
[SourceTitle "EXT 2022"]
[Source "ChessBase"]
[SourceDate "2021.10.06"]
[SourceVersion "1"]
[SourceVersionDate "2021.10.06"]
[SourceQuality "1"]

1. e4 e6 2. Qe2 Be7 3. g3 d5 4. d3 dxe4 5. dxe4 e5 6. Nf3 Nc6 7. Bg2 Nf6 8. 0-0 0-0 9. Bg5 Bg4 10. c3 h6 11. Bxf6 Bxf6 12. Nbd2 a5 13. h3 Be6 14. Ne1 a4 15. a3 Be7 16. Rd1 Qc8 17. Kh2 Rd8 18. Nc2 Ra6 19. Nc4 Rxd1 20. Rxd1 Bc5 21. f4 f6 22. Nb4 Na5 23. Nxa5 Rxa5 24. Rd2 exf4 25. gxf4 Bd6 26. Qf3 g5 27. e5 fxe5 28. fxe5 Rxe5 29. Kg1 Bc5+ 30. Kh2 Re1 0-1

[Event "Oberpfalz-ch M2"]
[Site "Regensburg"]
[Date "2004.04.03"]
[Round "2"]
[White "Volk, Nikolaj"]
[Black "Helmich, Joerg"]
[Result "1-0"]
[WhiteElo "1721"]
[BlackElo "1643"]
[PlyCount "41"]
[EventDate "2004.04.03"]
[EventType "swiss"]
[EventRounds "8"]
[EventCountry "GER"]
[SourceTitle "EXT 2022"]
[Source "ChessBase"]
[SourceDate "2021.10.06"]
[SourceVersion "1"]
[SourceVersionDate "2021.10.06"]
[SourceQuality "1"]

1. e4 e6 2. d4 d5 3. Nc3 Bb4 4. Bd2 dxe4 5. Qg4 Nf6 6. Qxg7 Rg8 7. Qh6 Rg6 8. Qh4 Nc6 9. 0-0-0 Bd7 10. Nxe4 Nxe4 11. Qxe4 Bxd2+ 12. Rxd2 Qe7 13. f4 0-0-0 14. Nf3 Rdg8 15. g3 Nb4 16. Bc4 Bc6 17. d5 Bd7 18. a3 f5 19. Qe3 b5 20. Qxa7 Kd8 21. Qa8+ 1-0